Industrial outlook North America Q4 2011 (Record no. 83857)
[ view plain ]
| 000 -LEADER | |
|---|---|
| fixed length control field | 01471cad a22002415a 4500 |
| 001 - CONTROL NUMBER | |
| control field | L155328 |
| 008 - FIXED-LENGTH DATA ELEMENTS--GENERAL INFORMATION | |
| fixed length control field | 120320s2012 xxk 000 0 eng d |
| 035 ## - SYSTEM CONTROL NUMBER | |
| System control number | (Sirsi) u155328 |
| 041 0# - LANGUAGE CODE | |
| Language code of text/sound track or separate title | eng |
| 110 2# - MAIN ENTRY--CORPORATE NAME | |
| Corporate name or jurisdiction name as entry element | Jones Lang LaSalle |
| 9 (RLIN) | 3755 |
| 245 00 - TITLE STATEMENT | |
| Title | Industrial outlook North America Q4 2011 |
| Medium | [electronic resource] |
| 260 ## - PUBLICATION, DISTRIBUTION, ETC. | |
| Place of publication, distribution, etc. | [S.I.] |
| Name of publisher, distributor, etc. | Jones Lang LaSalle |
| Date of publication, distribution, etc. | 2012 |
| 490 ## - SERIES STATEMENT | |
| Series statement | Jones Lang LaSalle Industrial Outlook North America |
| Volume/sequential designation | Q4 2011 |
| 520 ## - SUMMARY, ETC. | |
| Summary, etc. | Nearly all US industrial markets experienced positive net absorption in Q4 2011. The aerospace , pharmaceutical and auto manufacturing industries continue to give Mexico's industrial property market a boost. Canadian industrial market conditions improved nationally for the eighth consecutive quarter sustained by demand in Central and Western Canada. |
| 520 ## - SUMMARY, ETC. | |
| Summary, etc. | US economy -- Industrial market -- Industrial capital markets -- Industrial property clock -- Industrial property clock -- Industrial weather map -- Market statistics -- Industrial rankings -- local markets. Canada local markets -- Toronto market statistics -- Montreal market statistics. Mexico economy --Mexico property clock -- Mexico statistics. |
| 590 ## - LOCAL NOTE (RLIN) | |
| Local note | KA |
| 651 #4 - SUBJECT ADDED ENTRY--GEOGRAPHIC NAME | |
| Geographic name | United States |
| 651 #4 - SUBJECT ADDED ENTRY--GEOGRAPHIC NAME | |
| Geographic name | Mexico |
| 651 #4 - SUBJECT ADDED ENTRY--GEOGRAPHIC NAME | |
| Geographic name | Canada |
| 690 ## - LOCAL SUBJECT ADDED ENTRY--TOPICAL TERM (OCLC, RLIN) | |
| Topical term or geographic name as entry element | Commercial property |
| 9 (RLIN) | 6227 |
| 856 40 - ELECTRONIC LOCATION AND ACCESS | |
| Uniform Resource Identifier | <a href="https://www.joneslanglasalle.ca/ResearchLevel1/North-America-Industrial-Outlook-Q4-2011.pdf">https://www.joneslanglasalle.ca/ResearchLevel1/North-America-Industrial-Outlook-Q4-2011.pdf</a> |
| Public note | View the report at www.joneslanglasalle.ca |
| 942 ## - ADDED ENTRY ELEMENTS (KOHA) | |
| Suppress in OPAC | 0 |
| Withdrawn status | Lost status | Source of classification or shelving scheme | Damaged status | Not for loan | Home library | Current library | Shelving location | Date acquired | Total Checkouts | Full call number | Barcode | Date last seen | Copy number | Price effective from | Koha item type |
|---|---|---|---|---|---|---|---|---|---|---|---|---|---|---|---|
| Dewey Decimal Classification | Virtual | Virtual | Online | 19/03/2012 | ONLINE PUBLICATION | 155328-2001 | 06/08/2019 | 1 | 06/08/2019 | Book |